[Event "IECC CL2-2007.16 email"]
[Site "IECC email"]
[Date "2007.12.13"]
[Round "?"]
[White "Vujadinovic, Milan"]
[Black "Kleinsorgen, Horst M"]
[Result "1-0"]
[WhiteElo "2183"]
[BlackElo "2189"]
[PlyCount "39"]
[EventDate "2007.??.??"]
[EventType "tourn (corr)"]
[EventRounds "4"]
[SourceTitle "Corr 2015"]
[Source "ChessBase"]
[SourceDate "2015.07.17"]
[SourceVersion "1"]
[SourceVersionDate "2015.07.17"]
[SourceQuality "1"]
[WhiteTeam "SCG"]
[BlackTeam "Germany"]
[BlackTeamCountry "GER"]

1. e4 c5 2. Nf3 d6 3. d4 cxd4 4. Nxd4 Nf6 5. Nc3 a6 6. Bg5 e6 7. f4 Qb6 8. Qd2 Qxb2 9. Rb1 Qa3 10. e5 dxe5 11. fxe5 Nfd7 12. Ne4 Qxa2 13. Rb3 Qa4 14. Bb5 axb5 15. 0-0 Ra6 16. Nxb5 Rc6 17. Qf4 Bc5+ 18. Kh1 0-0 19. Bf6 Qc4 20. Rg3 1-0

[Event "IECG CM.2005.0.00276"]
[Site "IECG email"]
[Date "2005.04.24"]
[Round "?"]
[White "Kleinsorgen, Horst M"]
[Black "Goebel, Kenneth"]
[Result "0-1"]
[WhiteElo "2202"]
[BlackElo "2233"]
[PlyCount "44"]
[EventDate "2005.04.24"]
[EventType "tourn (corr)"]
[EventRounds "6"]
[SourceTitle "Corr 2008"]
[Source "ChessBase"]
[SourceDate "2008.06.24"]
[SourceVersion "1"]
[SourceVersionDate "2008.06.24"]
[SourceQuality "1"]

1. c4 Nf6 2. Nc3 e5 3. Nf3 Nc6 4. g3 Bb4 5. Bg2 0-0 6. 0-0 e4 7. Ne1 Bxc3 8. dxc3 h6 9. Nc2 d6 10. Ne3 Bd7 11. Qc2 Re8 12. Rd1 a5 13. a4 b6 14. b3 Rc8 15. Ra2 Ne5 16. Nd5 Neg4 17. h3 Nxd5 18. cxd5 Nf6 19. Be3 Bf5 20. c4 Nd7 21. Qc3 Qe7 22. Bd4 f6 0-1

[Event "IECG QM.2005.0.00082 email"]
[Site "IECG email"]
[Date "2005.03.18"]
[Round "?"]
[White "Anderskewitz, Ralf"]
[Black "Kleinsorgen, Horst M"]
[Result "1/2-1/2"]
[WhiteElo "2301"]
[BlackElo "2202"]
[PlyCount "60"]
[EventDate "2005.03.18"]
[EventType "tourn (corr)"]
[EventRounds "6"]
[SourceTitle "Corr 2008"]
[Source "ChessBase"]
[SourceDate "2008.06.24"]
[SourceVersion "1"]
[SourceVersionDate "2008.06.24"]
[SourceQuality "1"]

1. e4 g6 2. d4 Bg7 3. c3 d6 4. Nf3 Nd7 5. Bd3 Ngf6 6. 0-0 0-0 7. Re1 e5 8. Be3 c6 9. Nbd2 Ng4 10. Bg5 Qc7 11. h3 h6 12. Bh4 Ngf6 13. Bg3 Re8 14. a4 g5 15. Nc4 Nh5 16. Bh2 Nf4 17. Bxf4 gxf4 18. Qc2 Nf8 19. Rad1 Re6 20. dxe5 dxe5 21. Nh4 Re7 22. Nd2 Nh7 23. Bc4 Re8 24. Ndf3 Nf6 25. b4 b6 26. Qd2 a5 27. b5 Be6 28. Bxe6 Rxe6 29. bxc6 Rxc6 30. Nf5 Rxc3 1/2-1/2

[Event "IECG QM.2005.0.00082 email"]
[Site "IECG email"]
[Date "2005.03.18"]
[Round "?"]
[White "Kleinsorgen, Horst M"]
[Black "Hansen, John"]
[Result "1/2-1/2"]
[WhiteElo "2202"]
[BlackElo "2207"]
[PlyCount "64"]
[EventDate "2005.03.18"]
[EventType "tourn (corr)"]
[EventRounds "6"]
[SourceTitle "Corr 2008"]
[Source "ChessBase"]
[SourceDate "2008.06.24"]
[SourceVersion "1"]
[SourceVersionDate "2008.06.24"]
[SourceQuality "1"]

1. Nf3 Nf6 2. d4 d5 3. c4 e6 4. Nc3 c6 5. g3 dxc4 6. Bg2 Nbd7 7. 0-0 Bb4 8. Qc2 0-0 9. a4 a5 10. Rd1 Qe7 11. Na2 Bd6 12. Qxc4 e5 13. Qc2 exd4 14. Nxd4 Nc5 15. b4 axb4 16. Nxb4 Nce4 17. Nd3 Re8 18. a5 Ra6 19. Bb2 Ng5 20. Nb3 Bf5 21. Nbc5 Bxd3 22. Nxd3 Nge4 23. f3 Nxg3 24. hxg3 Qe3+ 25. Kh2 Nh5 26. Bc1 Bxg3+ 27. Kh1 Qe7 28. Ra4 Bc7 29. Kg1 Rxa5 30. Re4 Qf8 31. Rb4 Qe7 32. Re4 Qf8 1/2-1/2

[Event "IECC CL1-2005.05 email"]
[Site "IECC email"]
[Date "2005.03.07"]
[Round "?"]
[White "Kleinsorgen, Horst M"]
[Black "Dantas, Roberto"]
[Result "1-0"]
[WhiteElo "2178"]
[BlackElo "2158"]
[PlyCount "113"]
[EventDate "2005.??.??"]
[EventType "tourn (corr)"]
[EventRounds "4"]
[SourceTitle "Corr 2015"]
[Source "ChessBase"]
[SourceDate "2015.07.17"]
[SourceVersion "1"]
[SourceVersionDate "2015.07.17"]
[SourceQuality "1"]

1. Nc3 d5 2. e4 Nf6 3. e5 Nfd7 4. d4 e6 5. f4 c5 6. Nf3 Nc6 7. Be3 Qb6 8. Na4 Qa5+ 9. c3 c4 10. b4 Qc7 11. g3 Be7 12. Bh3 b5 13. Nc5 a5 14. a3 axb4 15. axb4 Rxa1 16. Qxa1 Nxc5 17. bxc5 b4 18. cxb4 Nxb4 19. 0-0 0-0 20. Qb1 Nd3 21. Qb6 Qxb6 22. cxb6 Ba6 23. Ra1 Ra8 24. f5 exf5 25. Bxf5 Bd8 26. e6 Bxb6 27. e7 Nb4 28. Bd2 Re8 29. Bxb4 Bb5 30. Bd6 g6 31. Bc2 Bc7 32. Bxc7 Rxe7 33. Be5 f6 34. Bxf6 Rf7 35. Ra8+ Rf8 36. Rxf8+ Kxf8 37. Ne5 Ba6 38. Ba4 Bb7 39. Bd7 Ba8 40. Kf2 Bb7 41. Be6 Ke8 42. Bg8 h6 43. Nxg6 Bc6 44. Ke3 Ba4 45. Bxd5 c3 46. Be6 h5 47. d5 c2 48. Kd2 Bb3 49. Ne5 Kf8 50. Kc1 Ba2 51. Kxc2 h4 52. gxh4 Ke8 53. h5 Bxd5 54. Bxd5 Kf8 55. h6 Ke8 56. h7 Kf8 57. h8Q# 1-0

[Event "IECG WC.2009.P.00026"]
[Site "IECG email"]
[Date "2005.02.28"]
[Round "?"]
[White "Kleinsorgen, Horst M"]
[Black "Schoenbach, Patrick"]
[Result "1-0"]
[WhiteElo "2176"]
[BlackElo "1311"]
[PlyCount "49"]
[EventDate "2005.02.28"]
[EventType "tourn (corr)"]
[EventRounds "6"]
[SourceTitle "Corr 2008"]
[Source "ChessBase"]
[SourceDate "2008.06.24"]
[SourceVersion "1"]
[SourceVersionDate "2008.06.24"]
[SourceQuality "1"]

1. c4 Nf6 2. Nc3 g6 3. e4 e5 4. Nf3 Bg7 5. Nxe5 Nxe4 6. Nxe4 Bxe5 7. d4 Bg7 8. Bg5 f6 9. Be3 0-0 10. Qd2 d5 11. Nc3 c6 12. h4 Bg4 13. h5 Bxh5 14. f3 Re8 15. 0-0-0 f5 16. Be2 Qc8 17. Bh6 Bf6 18. Rdg1 b5 19. g4 b4 20. Nd1 Qe6 21. Re1 Na6 22. gxh5 dxc4 23. Ne3 c3 24. bxc3 bxc3 25. Qxc3 1-0

[Event "IECC CL1-2005.04 email"]
[Site "IECC email"]
[Date "2005.02.27"]
[Round "?"]
[White "Brousek, Jiri"]
[Black "Kleinsorgen, Horst M"]
[Result "1/2-1/2"]
[WhiteElo "2360"]
[BlackElo "2191"]
[PlyCount "40"]
[EventDate "2005.??.??"]
[EventType "tourn (corr)"]
[EventRounds "4"]
[SourceTitle "Corr 2015"]
[Source "ChessBase"]
[SourceDate "2015.07.17"]
[SourceVersion "1"]
[SourceVersionDate "2015.07.17"]
[SourceQuality "1"]

1. d4 d5 2. Nf3 Nf6 3. e3 c5 4. c4 cxd4 5. exd4 g6 6. cxd5 Nxd5 7. Bc4 Nb6 8. Bb5+ Bd7 9. Nc3 Bg7 10. 0-0 0-0 11. Bxd7 Qxd7 12. Be3 Rd8 13. Qb3 Nc6 14. Rfd1 Nd5 15. Rac1 Nxc3 16. bxc3 Rac8 17. Re1 Qc7 18. Bg5 Rd7 19. Nd2 e5 20. Ne4 h6 1/2-1/2

[Event "IECG QM.2005.0.00081 email"]
[Site "IECG email"]
[Date "2005.02.24"]
[Round "?"]
[White "Garcia, Manuel Valentim Per"]
[Black "Kleinsorgen, Horst M"]
[Result "1-0"]
[WhiteElo "2258"]
[BlackElo "2176"]
[PlyCount "57"]
[EventDate "2005.02.24"]
[EventType "tourn (corr)"]
[EventRounds "6"]
[SourceTitle "Corr 2008"]
[Source "ChessBase"]
[SourceDate "2008.06.24"]
[SourceVersion "1"]
[SourceVersionDate "2008.06.24"]
[SourceQuality "1"]

1. d4 d5 2. c4 dxc4 3. Nf3 a6 4. e3 Bg4 5. Bxc4 e6 6. Qb3 Bxf3 7. gxf3 b5 8. Be2 c5 9. dxc5 Nd7 10. c6 Nc5 11. Qc2 Rc8 12. Nc3 b4 13. Na4 Rxc6 14. Bd2 Nf6 15. Rc1 Nfd7 16. 0-0 Qg5+ 17. Kh1 Qh5 18. Qd1 Rd6 19. Nxc5 Nxc5 20. Qc2 Rb6 21. Qc4 Bd6 22. f4 Qd5+ 23. Qxd5 exd5 24. Rfd1 Ke7 25. Be1 b3 26. a3 Na4 27. Rxd5 Nxb2 28. Ba5 Nc4 29. Bxc4 1-0

[Event "IECG CA.2005.0.00145"]
[Site "IECG email"]
[Date "2005.02.20"]
[Round "?"]
[White "Kleinsorgen, Horst M"]
[Black "Cade, Stephen"]
[Result "0-1"]
[WhiteElo "2176"]
[BlackElo "2057"]
[PlyCount "100"]
[EventDate "2005.02.20"]
[EventType "tourn (corr)"]
[EventRounds "6"]
[SourceTitle "Corr 2008"]
[Source "ChessBase"]
[SourceDate "2008.06.24"]
[SourceVersion "1"]
[SourceVersionDate "2008.06.24"]
[SourceQuality "1"]

1. c4 Nf6 2. Nc3 e5 3. Nf3 Nc6 4. g3 Bc5 5. Bg2 d6 6. 0-0 0-0 7. e3 Re8 8. d4 Bb6 9. d5 Ne7 10. e4 Ng6 11. h3 Bd7 12. Ne1 a5 13. Bd2 c6 14. Nd3 cxd5 15. cxd5 a4 16. Rc1 Qe7 17. b3 a3 18. Qe2 Bd4 19. Rc2 Rec8 20. Rfc1 Qd8 21. Nb1 Rxc2 22. Rxc2 Ra6 23. Bb4 Qa8 24. Nd2 Ne8 25. Nf3 Ba7 26. Bc3 Bb6 27. Nb4 Ra7 28. Nd2 f5 29. Nc4 Bc7 30. exf5 Bxf5 31. Rc1 Bd7 32. Bd2 Qd8 33. Nc2 Ra6 34. Be3 Ne7 35. Bg5 h6 36. Bd2 Nf6 37. Nb4 Ra8 38. Kh2 Be8 39. f4 Ng6 40. fxe5 Nxe5 41. Nd3 Nxc4 42. bxc4 Ba5 43. Be3 Bb6 44. Nf4 Bxe3 45. Qxe3 Bf7 46. Rb1 Qd7 47. Rb6 Ne8 48. Ne6 Qe7 49. Rb3 Rc8 50. Rxb7 Qxb7 0-1

[Event "IECG CA.2005.0.00145"]
[Site "IECG email"]
[Date "2005.02.20"]
[Round "?"]
[White "Lannaioli, Alfonsino"]
[Black "Kleinsorgen, Horst M"]
[Result "0-1"]
[WhiteElo "2058"]
[BlackElo "2176"]
[PlyCount "74"]
[EventDate "2005.02.20"]
[EventType "tourn (corr)"]
[EventRounds "6"]
[SourceTitle "Corr 2008"]
[Source "ChessBase"]
[SourceDate "2008.06.24"]
[SourceVersion "1"]
[SourceVersionDate "2008.06.24"]
[SourceQuality "1"]

1. d4 d5 2. Nf3 Nf6 3. Bf4 c5 4. c3 Qb6 5. Qc2 cxd4 6. cxd4 Nc6 7. e3 Bf5 8. Qb3 Qxb3 9. axb3 Nh5 10. Bb5 Nxf4 11. exf4 f6 12. 0-0 e6 13. Nh4 Bxb1 14. Rfxb1 Bd6 15. f5 g5 16. Nf3 exf5 17. Rc1 Kd7 18. Bd3 Ne7 19. Bb5+ Ke6 20. Re1+ Kf7 21. Bd7 Rhd8 22. Be6+ Kg6 23. g3 h5 24. Rec1 a5 25. Ne1 Bxg3 26. hxg3 Rd6 27. Bxd5 Nxd5 28. Rc4 f4 29. Nc2 fxg3 30. fxg3 h4 31. gxh4 gxh4 32. b4 a4 33. b3 a3 34. Rxa3 Re8 35. Ra7 Re2 36. Rxb7 Ra6 37. Rd7 Ne3 0-1

[Event "IECC CL1-2005.03 email"]
[Site "IECC email"]
[Date "2005.01.31"]
[Round "?"]
[White "Kleinsorgen, Horst M"]
[Black "Cijs, Peter JG"]
[Result "1/2-1/2"]
[WhiteElo "2181"]
[BlackElo "2163"]
[PlyCount "70"]
[EventDate "2005.??.??"]
[EventType "tourn (corr)"]
[EventRounds "4"]
[SourceTitle "Corr 2015"]
[Source "ChessBase"]
[SourceDate "2015.07.17"]
[SourceVersion "1"]
[SourceVersionDate "2015.07.17"]
[SourceQuality "1"]

1. c4 Nf6 2. Nc3 c5 3. Nf3 e6 4. g3 b6 5. Bg2 Bb7 6. d4 cxd4 7. Qxd4 d6 8. 0-0 Be7 9. Bg5 a6 10. Bxf6 Bxf6 11. Qd3 0-0 12. Rad1 Qc7 13. Qxd6 Qxc4 14. Qxb6 Qc8 15. Qe3 Nd7 16. Ne4 Bd5 17. Rd2 Qb7 18. Nd4 Be5 19. Rfd1 Rfe8 20. Nf3 Bc7 21. a3 Rad8 22. Nd4 Qb6 23. Nc3 Bxg2 24. Kxg2 Ne5 25. b3 Ng4 26. Qe4 f5 27. Qf3 Ne5 28. Qh5 g6 29. Qh4 Ng4 30. Na4 Qa7 31. h3 Nxf2 32. Kxf2 e5 33. e3 exd4 34. Rxd4 Rc8 35. b4 Bd6 1/2-1/2

[Event "IECC CL1-2005.03 email"]
[Site "IECC email"]
[Date "2005.01.31"]
[Round "?"]
[White "Sakic, Radislav"]
[Black "Kleinsorgen, Horst M"]
[Result "1-0"]
[WhiteElo "2255"]
[BlackElo "2196"]
[PlyCount "61"]
[EventDate "2005.??.??"]
[EventType "tourn (corr)"]
[EventRounds "4"]
[SourceTitle "Corr 2015"]
[Source "ChessBase"]
[SourceDate "2015.07.17"]
[SourceVersion "1"]
[SourceVersionDate "2015.07.17"]
[SourceQuality "1"]

1. d4 d5 2. Nf3 Nf6 3. c4 e6 4. Bg5 dxc4 5. e4 b5 6. Nc3 c6 7. e5 h6 8. Bh4 g5 9. Nxg5 hxg5 10. Bxg5 Nbd7 11. g3 Bb7 12. Bg2 Qb6 13. exf6 0-0-0 14. 0-0 c5 15. d5 b4 16. Na4 Qb5 17. a3 exd5 18. axb4 cxb4 19. Be3 Ne5 20. Qd4 Nc6 21. Qg4+ Kb8 22. Rfd1 Na5 23. Qf4+ Bd6 24. Qd4 Qa6 25. Nc5 Bxc5 26. Qxc5 Nb3 27. Qxa7+ Qxa7 28. Rxa7 Kc8 29. h4 Rh5 30. Ra4 d4 31. Rxb4 1-0

[Event "IECG CA.2005.0.00143"]
[Site "IECG email"]
[Date "2005.01.30"]
[Round "?"]
[White "Kleinsorgen, Horst M"]
[Black "Guenther, Rolf"]
[Result "1/2-1/2"]
[WhiteElo "2176"]
[BlackElo "2034"]
[PlyCount "59"]
[EventDate "2005.01.30"]
[EventType "tourn (corr)"]
[EventRounds "6"]
[SourceTitle "Corr 2008"]
[Source "ChessBase"]
[SourceDate "2008.06.24"]
[SourceVersion "1"]
[SourceVersionDate "2008.06.24"]
[SourceQuality "1"]

1. c4 g6 2. e4 Bg7 3. d4 d6 4. Nc3 Nf6 5. Be2 0-0 6. Nf3 e5 7. 0-0 Na6 8. Be3 Ng4 9. Bg5 Qe8 10. dxe5 dxe5 11. h3 h6 12. Bd2 Nf6 13. Be3 Qe7 14. Nd5 Qd8 15. Nxf6+ Qxf6 16. c5 Nb8 17. Qa4 Nc6 18. Rfd1 a6 19. Rd2 Qe7 20. Bc4 Kh8 21. Bd5 Bd7 22. Re1 Nd4 23. Qd1 Nxf3+ 24. Qxf3 f5 25. Bxb7 f4 26. c6 Be6 27. Bxa8 Rxa8 28. Red1 fxe3 29. Qxe3 a5 30. a4 1/2-1/2

[Event "IECC CL1-2005.02 email"]
[Site "IECC email"]
[Date "2005.01.29"]
[Round "?"]
[White "Kleinsorgen, Horst M"]
[Black "Sakic, Radislav"]
[Result "0-1"]
[WhiteElo "2182"]
[BlackElo "2264"]
[PlyCount "63"]
[EventDate "2005.??.??"]
[EventType "tourn (corr)"]
[EventRounds "4"]
[SourceTitle "Corr 2015"]
[Source "ChessBase"]
[SourceDate "2015.07.17"]
[SourceVersion "1"]
[SourceVersionDate "2015.07.17"]
[SourceQuality "1"]

1. e4 c5 2. Nf3 Nc6 3. Bb5 d6 4. 0-0 Bd7 5. Re1 Nf6 6. c3 a6 7. Bxc6 Bxc6 8. d4 Bxe4 9. Bg5 Bd5 10. Nbd2 e6 11. c4 Bxf3 12. Qxf3 cxd4 13. Bxf6 gxf6 14. Qxb7 Be7 15. Nb3 Qc8 16. Qf3 Rb8 17. Qe2 Rb4 18. Rac1 Qb7 19. Rc2 e5 20. f4 Qb6 21. Qd3 Qc7 22. Qg3 Rxc4 23. Rxc4 Qxc4 24. Qg7 Rf8 25. Qxh7 d3 26. Rc1 Qd5 27. Kh1 e4 28. Qh3 f5 29. Qe3 Rh8 30. Rc8+ Bd8 31. Rb8 Qc4 32. h3 0-1

[Event "IECG CA.2004.0.00142 email"]
[Site "IECG email"]
[Date "2004.12.27"]
[Round "?"]
[White "Kleinsorgen, Horst M"]
[Black "Laczay, Istvan"]
[Result "1-0"]
[WhiteElo "2137"]
[BlackElo "1921"]
[PlyCount "59"]
[EventDate "2004.12.27"]
[EventType "tourn (corr)"]
[EventRounds "6"]
[SourceTitle "Corr 2008"]
[Source "ChessBase"]
[SourceDate "2008.06.24"]
[SourceVersion "1"]
[SourceVersionDate "2008.06.24"]
[SourceQuality "1"]

1. c4 Nf6 2. Nc3 e5 3. Nf3 Nc6 4. g3 Bc5 5. Bg2 e4 6. Nh4 Qe7 7. 0-0 d6 8. d3 e3 9. Bxc6+ bxc6 10. d4 Bb6 11. Bxe3 0-0 12. Bg5 h6 13. Bxf6 Qxf6 14. e3 Rb8 15. a3 Be6 16. Qd3 g5 17. Ng2 Qf3 18. Rfd1 f5 19. b4 Rbd8 20. Rac1 a6 21. Qe2 Qxe2 22. Nxe2 c5 23. bxc5 dxc5 24. d5 Bf7 25. Nc3 Bh5 26. Rf1 Rfe8 27. f4 Bg4 28. fxg5 hxg5 29. h4 Rd6 30. e4 1-0

[Event "IECG QA.2004.0.00059"]
[Site "IECG email"]
[Date "2004.12.15"]
[Round "?"]
[White "Hassim, Unes"]
[Black "Kleinsorgen, Horst M"]
[Result "1-0"]
[WhiteElo "2157"]
[BlackElo "2137"]
[PlyCount "47"]
[EventDate "2004.12.15"]
[EventType "tourn (corr)"]
[EventRounds "6"]
[SourceTitle "Corr 2008"]
[Source "ChessBase"]
[SourceDate "2008.06.24"]
[SourceVersion "1"]
[SourceVersionDate "2008.06.24"]
[SourceQuality "1"]

1. e4 e6 2. d4 d5 3. e5 c5 4. c3 Nc6 5. Nf3 Bd7 6. Be2 Nge7 7. Na3 cxd4 8. cxd4 Nf5 9. Nc2 Qb6 10. 0-0 a5 11. Kh1 Be7 12. Bd3 Rc8 13. Rb1 h6 14. Bd2 0-0 15. g4 Nh4 16. Nxh4 Bxh4 17. g5 Bxg5 18. Bxg5 hxg5 19. Qh5 f5 20. exf6 Rxf6 21. Rg1 Nxd4 22. Qxg5 Rf7 23. Bg6 Nf5 24. Qh5 1-0

[Event "IECG QA.2004.0.00059"]
[Site "IECG email"]
[Date "2004.12.15"]
[Round "?"]
[White "Kleinsorgen, Horst M"]
[Black "Gonzaga Grego, Luis Jose"]
[Result "1-0"]
[WhiteElo "2137"]
[BlackElo "2039"]
[PlyCount "67"]
[EventDate "2004.12.15"]
[EventType "tourn (corr)"]
[EventRounds "6"]
[SourceTitle "Corr 2008"]
[Source "ChessBase"]
[SourceDate "2008.06.24"]
[SourceVersion "1"]
[SourceVersionDate "2008.06.24"]
[SourceQuality "1"]

1. e4 c5 2. Nf3 d6 3. Bb5+ Bd7 4. Bxd7+ Qxd7 5. 0-0 Nc6 6. c3 Nf6 7. d4 Nxe4 8. d5 Ne5 9. Re1 Nxf3+ 10. Qxf3 Nf6 11. c4 e5 12. dxe6 fxe6 13. Bg5 Be7 14. Nc3 h6 15. Bh4 0-0 16. Qe2 e5 17. Bxf6 Bxf6 18. Rad1 Rad8 19. Ne4 Qe6 20. Rd5 Bh4 21. Red1 Qg6 22. Qd3 Qf7 23. f3 Be7 24. Qb3 b6 25. Qa4 Ra8 26. Qd7 Rad8 27. Qxa7 Ra8 28. Qc7 Rfc8 29. Qd7 Rd8 30. Qb5 Rxa2 31. Qxb6 Rda8 32. Nxd6 Bxd6 33. Qxd6 Rxb2 34. Qxe5 1-0

[Event "IECG QA.2004.0.00059"]
[Site "IECG email"]
[Date "2004.12.15"]
[Round "?"]
[White "Kleinsorgen, Horst M"]
[Black "Hassim, Unes"]
[Result "1/2-1/2"]
[WhiteElo "2137"]
[BlackElo "2157"]
[PlyCount "67"]
[EventDate "2004.12.15"]
[EventType "tourn (corr)"]
[EventRounds "6"]
[SourceTitle "Corr 2008"]
[Source "ChessBase"]
[SourceDate "2008.06.24"]
[SourceVersion "1"]
[SourceVersionDate "2008.06.24"]
[SourceQuality "1"]

1. Nf3 Nf6 2. c4 c5 3. Nc3 e6 4. g3 b6 5. Bg2 Bb7 6. d4 cxd4 7. Qxd4 d6 8. 0-0 Be7 9. Bg5 a6 10. Bxf6 Bxf6 11. Qf4 Bxf3 12. Qxf3 Ra7 13. Rfd1 0-0 14. Rd2 Rd7 15. Rad1 Qc7 16. Ne4 Be7 17. b3 b5 18. cxb5 d5 19. Nc3 Rc8 20. Rd3 Qa5 21. bxa6 Nxa6 22. Na4 Rc2 23. Rc3 Rxa2 24. Rc8+ Rd8 25. Rxd8+ Qxd8 26. e4 d4 27. Qd3 Nc5 28. Qb5 e5 29. Nxc5 Ra5 30. Qb7 Rxc5 31. Bf1 Rc7 32. Qb5 Rc5 33. Qb7 Bf8 34. Bc4 1/2-1/2

[Event "IECC CL2-2004.33 email"]
[Site "IECC email"]
[Date "2004.11.23"]
[Round "?"]
[White "Mlynek, Petr"]
[Black "Kleinsorgen, Horst M"]
[Result "0-1"]
[WhiteElo "2196"]
[BlackElo "2200"]
[PlyCount "86"]
[EventDate "2004.??.??"]
[EventType "tourn (corr)"]
[EventRounds "4"]
[SourceTitle "Corr 2008"]
[Source "ChessBase"]
[SourceDate "2008.06.24"]
[SourceVersion "1"]
[SourceVersionDate "2008.06.24"]
[SourceQuality "1"]

1. d4 d5 2. c4 e6 3. Nf3 Nf6 4. g3 dxc4 5. Bg2 a6 6. 0-0 Nc6 7. e3 Bd7 8. Qe2 b5 9. Rd1 Be7 10. Nc3 Nd5 11. e4 Nxc3 12. bxc3 0-0 13. Bf4 Ba3 14. h4 Rb8 15. h5 h6 16. g4 f6 17. Nh4 e5 18. Be3 exd4 19. cxd4 Nb4 20. e5 Re8 21. Ng6 Be6 22. Be4 Bd5 23. Bf5 Bb7 24. f3 Nd5 25. Bc1 Nc3 26. Qd2 Nxd1 27. Bxa3 Bxf3 28. d5 b4 29. Bxb4 Rxb4 30. Qxb4 Qxd5 31. Qf8+ Rxf8 32. Ne7+ Kf7 33. Nxd5 fxe5 34. Nxc7 Rd8 35. Kh2 Rd2+ 36. Kg3 e4 37. Rb1 Nc3 38. Rb7 Ne2+ 39. Kf2 Kf6 40. Rb6+ Ke5 41. Ke3 Rd3+ 42. Kf2 Nd4 43. Rxa6 e3+ 0-1